000 00722nam a22002297a 4500
003 DO-SdBNP
005 20221003111252.0
007 ta
008 221003b dr ||||| |||| 00| 0 spa d
020 _a9789945635010
040 _aDO-SdBNP
_bspa
_cBNPHU
082 4 _222
100 _917206
_aCedeño, Sergio,
_d1957-
245 1 0 _aCómo diseñar e implementar la estrategia de una campaña electoral /
_cSergio Cedeño ; prólogo Pedro Richardson
260 _aSanto Domingo :
_bSantuario,
_c2022.
300 _a209 p. ;
_c23 cm.
500 _aIncluye datos biográficos del autor en las solapas
504 _aBibliografía : p. 201-209
590 _aInventariado, 2022/BT
910 _aBtavárez
942 _2ddc
_cLBS1
999 _c52507
_d52507